La ceremonia Hain de la comunidad Selk’nam de Tierra del fuego : ¿se puede comprender como un espacio de representación teatral?

Esta tesis responde a la problemática a través de la pregunta de investigación: ¿Cómo la utilización del espacio ceremonial Hain del pueblo Selk’nam de Tierra del Fuego se puede comprender como espacio de representación teatral? de la cual se desprende una segunda pregunta orientadora: ¿Qué aspectos...

Full description

Bibliographic Details
Main Author: Soto Becerra, Camila Andrea
Other Authors: Campillay Llanos, Marisol (profesora guía)
Format: Tesis
Language:Spanish
Published: Santiago, Chile : Universidad Academia de Humanismo Cristiano, 2021.
Subjects:
Online Access:Disponible en línea (PDF). Biblioteca Digital UAHC

MARC

LEADER 00000nmm a22000007a 4500
003 UAHC
005 20240424163512.0
008 221229s2021 cl |||| o||d 000 spa
040 |a UAHC  |c UAHC 
100 |9 16765  |a Soto Becerra, Camila Andrea 
245 1 3 |a La ceremonia Hain de la comunidad Selk’nam de Tierra del fuego :  |b ¿se puede comprender como un espacio de representación teatral?  |c Camila Andrea Soto Becerra ; profesora guía Marisol Campillay Llanos. 
260 |a Santiago, Chile :  |b Universidad Academia de Humanismo Cristiano,  |c 2021. 
300 |a 131 páginas. 
500 |a Tesis para optar al grado académico de Licenciado/a en Artes. 
502 |a Tesis (Licenciatura en Artes) -- Universidad Academia del Humanismo Cristiano, 2021. 
516 |a Tesis electrónica (PDF). Solicitar documento de biblioteca@academia.cl. 
520 |a Esta tesis responde a la problemática a través de la pregunta de investigación: ¿Cómo la utilización del espacio ceremonial Hain del pueblo Selk’nam de Tierra del Fuego se puede comprender como espacio de representación teatral? de la cual se desprende una segunda pregunta orientadora: ¿Qué aspectos de la representación teatral se encuentran en esta ceremonia? Para poder responder a esta problemática, debe estar presente el origen teatral griego, ya que en la mayoría de los manuales Según Oliva y Torres Monreal (1994) se menciona que ahí nació la representación y el teatro. 
650 0 |9 13891  |a Arte  |x Investigaciones 
650 0 |9 16142  |a Teatro   |x Aspectos antropológicos 
650 0 |9 16767  |a Alacalufes  |x Vida social y costumbres 
700 |9 785  |a Campillay Llanos, Marisol  |4 profesora guía 
856 |u http://bibliotecadigital.academia.cl/xmlui/handle/123456789/6877  |y Disponible en línea (PDF). Biblioteca Digital UAHC 
900 |a TPLA 15 
942 |c TS  |2 ddc 
952 |0 0  |1 0  |4 0  |6 TPLA_15_000000000000000  |7 0  |8 COMP  |9 97563  |a BS  |b BS  |c Digital  |d 2022-12-29  |l 0  |o TPLA 15  |r 2022-12-29 00:00:00  |w 2022-12-29  |y TS  |z Documento en PDF  |B LICAR 
999 |c 60126  |d 60126